书目信息 |
| 题名: |
书写教程
|
|
| 作者: | 王问靖 主编 ;王问靖 等编写 | |
| 分册: | ||
| 出版信息: | 北京 高等教育出版社 2004.05 |
|
| 页数: | 231页 | |
| 开本: | 23cm | |
| 丛书名: | ||
| 单 册: | ||
| 中图分类: | G623.752 | |
| 科图分类: | ||
| 主题词: | 书法--shu fa--中国--教学法--小学 , 书法--shu fa , 教学法--jiao xue fa | |
| 电子资源: | ||
| ISBN: | 7-04-014345-3 | |
| 000 | 00976nam0 2200301 450 | |
| 001 | 0104125625 | |
| 005 | 20201210105844.04 | |
| 010 | @a7-04-014345-3@dCNY21.30 | |
| 100 | @a20040522e20192004em y0chiy50 ea | |
| 101 | 0 | @achi |
| 102 | @aCN@b110000 | |
| 105 | @aa z 000yy | |
| 106 | @ar | |
| 200 | 1 | @a书写教程@Ashu xie jiao cheng@f王问靖主编@g王问靖等编写 |
| 210 | @a北京@c高等教育出版社@d2004.05@h2019.08 | |
| 215 | @a231页@c图@d23cm | |
| 300 | @a高等院校小学教育专业教材 | |
| 304 | @a封面责任者题:王向靖主编 | |
| 304 | @a教育部师范教育司组织专家审定 | |
| 330 | @a本书共分为7章,由“三笔字”的书写技法,书法创作、欣赏与书法史介绍,小学写字教学概述三部分组成。 | |
| 606 | 0 | @a书法@Ashu fa@y中国@x教学法@x小学 |
| 606 | 0 | @a书法@Ashu fa |
| 606 | 0 | @a教学法@Ajiao xue fa |
| 690 | @aG623.752@v5 | |
| 701 | 0 | @a王问靖@Awang wen jing@4主编 |
| 702 | 0 | @a王问靖@Awang wen jing@4等编写 |
| 801 | 0 | @aCN@bBJSZM@c20201104 |
| 905 | @b1260701-5@dG623.75@e1304@f5 | |
| 书写教程/王问靖主编/王问靖等编写.-北京:高等教育出版社,2004.05(2019.08) |
| 231页:图;23cm |
| 高等院校小学教育专业教材 |
| ISBN 7-04-014345-3:CNY21.30 |
| 本书共分为7章,由“三笔字”的书写技法,书法创作、欣赏与书法史介绍,小学写字教学概述三部分组成。 |
| ● |
| 相关链接 |
|
|
|
|
正题名:书写教程
索取号:G623.75/1304
 
预约/预借
| 序号 | 登录号 | 条形码 | 馆藏地/架位号 | 状态 | 备注 |
| 1 | 1260701 | 212607017 | 第一样本阅览室/ [索取号:G623.75/1304] | 在馆 | |
| 2 | 1260702 | 212607026 | 教育系资料室/ [索取号:G623.75/1304] | 在馆 | |
| 3 | 1260703 | 212607035 | 教育系资料室/ [索取号:G623.75/1304] | 在馆 | |
| 4 | 1260704 | 212607044 | 第四借阅区/ [索取号:G623.75/1304] | 在馆 | |
| 5 | 1260705 | 212607053 | 第四借阅区/ [索取号:G623.75/1304] | 在馆 | |
| 6 | 7845933 | 278459339 | 学院路分馆/ [索取号:G623.75/1304] | 在馆 |